| 000 | 00667nam a2200253Ia 4500 | ||
|---|---|---|---|
| 008 | 160803s9999 xx 000 0 und d | ||
| 020 | _a9780545385732 | ||
| 100 | _aZullo, Allan | ||
| 245 | _aChristmas miracle pets : | ||
| 245 | _banimals who saved the day / | ||
| 245 | _cAllan Zullo. | ||
| 260 | _aNew York : | ||
| 260 | _bScholastic Inc. | ||
| 260 | _c2012 | ||
| 300 | _avi, 119 pages ; | ||
| 300 | _c19 cm | ||
| 650 | _aAnimal heroes -- Anecdotes -- | ||
| 650 | _aAnimals -- Anecdotes -- | ||
| 650 | _aChristmas -- | ||
| 650 | _xJuvenile literature. | ||
| 650 | _xJuvenile literature. | ||
| 650 | _xJuvenile literature. | ||
| 700 | _a840 | ||
| 999 |
_c299813 _d299813 |
||